<?xml version="1.0" encoding="UTF-8"?>
<record
    xmlns:xsi="http://www.w3.org/2001/XMLSchema-instance"
    xsi:schemaLocation="http://www.loc.gov/MARC21/slim http://www.loc.gov/standards/marcxml/schema/MARC21slim.xsd"
    xmlns="http://www.loc.gov/MARC21/slim">

  <leader>03158cam a22003254a 4500</leader>
  <controlfield tag="001">14280969</controlfield>
  <controlfield tag="005">20061124112644.0</controlfield>
  <controlfield tag="008">060228s2007    caua          000 0 eng  </controlfield>
  <datafield tag="010" ind1=" " ind2=" ">
    <subfield code="a">  2006007208</subfield>
  </datafield>
  <datafield tag="015" ind1=" " ind2=" ">
    <subfield code="a">GBA665152</subfield>
    <subfield code="2">bnb</subfield>
  </datafield>
  <datafield tag="016" ind1="7" ind2=" ">
    <subfield code="a">013517701</subfield>
    <subfield code="2">Uk</subfield>
  </datafield>
  <datafield tag="020" ind1=" " ind2=" ">
    <subfield code="a">141294077X (pbk.)</subfield>
  </datafield>
  <datafield tag="035" ind1=" " ind2=" ">
    <subfield code="a">(OCoLC)ocm64486887</subfield>
  </datafield>
  <datafield tag="040" ind1=" " ind2=" ">
    <subfield code="a">DLC</subfield>
    <subfield code="c">DLC</subfield>
    <subfield code="d">BAKER</subfield>
    <subfield code="d">UKM</subfield>
    <subfield code="d">C#P</subfield>
    <subfield code="d">YDXCP</subfield>
    <subfield code="d">OCLCQ</subfield>
    <subfield code="d">DLC</subfield>
  </datafield>
  <datafield tag="042" ind1=" " ind2=" ">
    <subfield code="a">pcc</subfield>
  </datafield>
  <datafield tag="050" ind1="0" ind2="0">
    <subfield code="a">HA32</subfield>
    <subfield code="b">.W34 2007</subfield>
  </datafield>
  <datafield tag="082" ind1="0" ind2="0">
    <subfield code="a">300.727</subfield>
    <subfield code="2">22</subfield>
    <subfield code="b">WAG</subfield>
  </datafield>
  <datafield tag="100" ind1="1" ind2=" ">
    <subfield code="a">Wagner, William E.</subfield>
    <subfield code="q">(William Edward)</subfield>
    <subfield code="9">4321</subfield>
  </datafield>
  <datafield tag="245" ind1="1" ind2="0">
    <subfield code="a">Using SPSS for social statistics and research methods /</subfield>
    <subfield code="c">William E. Wagner III.</subfield>
  </datafield>
  <datafield tag="260" ind1=" " ind2=" ">
    <subfield code="a">Thousand Oaks, Calif. :</subfield>
    <subfield code="b">Pine Forge Press, 2007</subfield>
    <subfield code="c">c2007.</subfield>
  </datafield>
  <datafield tag="300" ind1=" " ind2=" ">
    <subfield code="a">ix, 101 p. :</subfield>
    <subfield code="b">ill. ;</subfield>
    <subfield code="c">23 cm.</subfield>
  </datafield>
  <datafield tag="505" ind1="0" ind2=" ">
    <subfield code="a">Overview -- Opening existing data files -- Importing data from non-SPSS file formats -- Opening previously created output files -- Saving files -- Creating new SPSS data files -- Creating and editing SPSS output files -- Preferences: getting started -- Measurement of variables using SPSS -- Transforming variables -- Recoding and computing variables --Recoding variables -- Computing variables -- Using the count function -- Computing an index using mean -- Multiple response -- Organization and presentation of information -- Measures of central tendency and variability -- Frequency distributions -- Charts and graphs -- Boxplot -- Scatterplot -- Histogram -- Bar graph -- Pie chart -- Alternate methods of creating charts and graphs -- Cross-tabulation and measures of association for nominal and ordinal variables -- Bivariate analysis -- Adding another variable or dimension to the analysis -- Measures of association for nominal and ordinal variables -- Lambda -- Gamma and Somers' d -- Correlate and regression analysis -- Bivariate regression -- Correlation -- Multiple regression -- Selecting and sampling cases -- Targeted selection -- Random selection -- Selecting cases for inclusion in a new dataset -- Testing hypotheses using means and cross-tabulation -- Comparing means -- Comparing means: paired-samples t-test -- Comparing means: independent-samples t-test -- Chi-square -- Analysis of variance -- One-way Anova -- Anova in regression -- Editing output -- Editing basic tables -- Copying to Microsoft Word -- Exporting output -- Editing charts and graphs -- Advanced applications -- Merging data from multiple files -- Opening previously created syntax files -- Creating new SPSS syntax files.</subfield>
  </datafield>
  <datafield tag="630" ind1="0" ind2="0">
    <subfield code="a">SPSS for Windows.</subfield>
    <subfield code="9">4322</subfield>
  </datafield>
  <datafield tag="650" ind1=" " ind2="0">
    <subfield code="a">Social sciences</subfield>
    <subfield code="x">Statistical methods.</subfield>
    <subfield code="9">4323</subfield>
  </datafield>
  <datafield tag="856" ind1="4" ind2="1">
    <subfield code="3">Table of contents only</subfield>
    <subfield code="u">http://www.loc.gov/catdir/enhancements/fy0658/2006007208-t.html</subfield>
  </datafield>
  <datafield tag="856" ind1="4" ind2="2">
    <subfield code="3">Publisher description</subfield>
    <subfield code="u">http://www.loc.gov/catdir/enhancements/fy0701/2006007208-d.html</subfield>
  </datafield>
  <datafield tag="942" ind1=" " ind2=" ">
    <subfield code="2">ddc</subfield>
    <subfield code="c">BB</subfield>
  </datafield>
  <datafield tag="999" ind1=" " ind2=" ">
    <subfield code="c">11436</subfield>
    <subfield code="d">11436</subfield>
  </datafield>
  <datafield tag="952" ind1=" " ind2=" ">
    <subfield code="0">0</subfield>
    <subfield code="1">0</subfield>
    <subfield code="2">ddc</subfield>
    <subfield code="4">0</subfield>
    <subfield code="7">0</subfield>
    <subfield code="8">Baccah</subfield>
    <subfield code="a">MAIN</subfield>
    <subfield code="b">MAIN</subfield>
    <subfield code="c">1ST</subfield>
    <subfield code="d">2009-04-26</subfield>
    <subfield code="e">purchase</subfield>
    <subfield code="g">155.88</subfield>
    <subfield code="h">7072</subfield>
    <subfield code="l">4</subfield>
    <subfield code="m">19</subfield>
    <subfield code="o">300.727 WAG</subfield>
    <subfield code="p">000016017</subfield>
    <subfield code="r">2025-07-15 00:00:00</subfield>
    <subfield code="s">2019-04-22</subfield>
    <subfield code="y">BB</subfield>
  </datafield>
</record>
